00351pab a2200121 454500008004000000100002200040245009200062260000900154300001500163362000800178650000800186773003500194180718b2011 xxu||||| |||| 00| 0 eng d aMerrouche, Ouarda aThe long term educational cost of war: Evidence from landmine contamination in Cambodia c2011 ap.399-416. aMar aWar aJournal of Development Studies